The Japan that can say no
Zapisane w:
| 1. autor: | |
|---|---|
| Format: | Książka |
| Język: | Undetermined |
| Wydane: |
New York
Simon & Schuster
1991
|
| Hasła przedmiotowe: | |
| Etykiety: |
Dodaj etykietę
Nie ma etykietki, Dołącz pierwszą etykiete!
|
| Thư viện lưu trữ: | Trung tâm Học liệu Trường Đại học Cần Thơ |
|---|
| LEADER | 00479nam a2200181Ia 4500 | ||
|---|---|---|---|
| 001 | CTU_78828 | ||
| 008 | 210402s9999 xx 000 0 und d | ||
| 082 | |a 327.5 | ||
| 082 | |b I.79 | ||
| 100 | |a Shintaro, Ishihara | ||
| 245 | 4 | |a The Japan that can say no | |
| 245 | 0 | |c Shintaro Ishihara | |
| 260 | |a New York | ||
| 260 | |b Simon & Schuster | ||
| 260 | |c 1991 | ||
| 650 | |a Relations | ||
| 650 | |z Japan,United States | ||
| 980 | |a Trung tâm Học liệu Trường Đại học Cần Thơ | ||